Production of crablings (Scylla sp.) at a backyard hatchery in the Mekong Delta, Viet Nam

Đã lưu trong:
Bibliografiske detaljer
Hovedforfatter: Verdickt, Zen
Format: Bog
Sprog:Undetermined
Udgivet: Cần Thơ Trường Đại học Cần Thơ
Fag:
Tags: Tilføj Tag
Ingen Tags, Vær først til at tagge denne postø!
Thư viện lưu trữ: Trung tâm Học liệu Trường Đại học Cần Thơ
LEADER 00550nam a2200169Ia 4500
001 CTU_161597
008 210402s9999 xx 000 0 und d
082 |a 639.66 
082 |b V484 
100 |a Verdickt, Zen 
245 0 |a Production of crablings (Scylla sp.) at a backyard hatchery in the Mekong Delta, Viet Nam 
245 0 |c Zen Verdickt 
260 |a Cần Thơ 
260 |b Trường Đại học Cần Thơ 
650 |a Crab culture,Nuôi cua 
904 |i Trọng Hải 
980 |a Trung tâm Học liệu Trường Đại học Cần Thơ